| 000 | 00935cad a22002175a 4500 | ||
|---|---|---|---|
| 001 | L147066 | ||
| 008 | 090327s2009 xxkd f v 000 0 eng d | ||
| 035 | _a(Sirsi) u147066 | ||
| 041 | 0 | _aeng | |
| 050 | 0 | 4 | _a333.33 $2 18 |
| 110 | 2 |
_aNelson Bakewell _92525 |
|
| 245 | 0 | 0 |
_aEuropean real estate guide 2009 _h[electronic resource] |
| 260 |
_aLondon _bNB Real Estate _c2009 |
||
| 520 | _aProvides a short overview of the differences in commercial leasing practices across 26 countries. Includes the standard landlord and tenant obligations, typical costs associated with the purchase and leasing of property, as well as a guide to prime retail rents. | ||
| 521 | _aAdvanced | ||
| 590 | _aKA NTK | ||
| 651 | 4 | _aEurope | |
| 690 | _aPROPERTY-COMMERCIAL PROPERTY-COMMERCIAL PROPERTY MARKET | ||
| 856 | 4 | 0 |
_uhttps://www.nelson-bakewell.com/Company/research.aspx _zView the item free of charge at www.nelson-bakewell.com... |
| 942 | _n0 | ||
| 999 |
_c109429 _d109429 |
||